| 000 | 00560nam a22002177a 4500 | ||
|---|---|---|---|
| 003 | BUBTL | ||
| 008 | 161114b xxu||||| |||| 00| 0 eng d | ||
| 020 | _a978-81-7758-580-3 | ||
| 082 | _a620.106ESF | ||
| 100 |
_9914 _aEsposito,Anthony |
||
| 245 | _aFluid Power With Application | ||
| 250 | _a6th | ||
| 260 |
_aIndia _bPearson _cc2003 |
||
| 300 |
_a627p. _bills. _c24cm. |
||
| 650 | 0 |
_9916 _aTextile Engineering |
|
| 700 |
_9915 _aEsposito,Anthony |
||
| 760 | _b6th | ||
| 856 |
_k0 _l0 _yDownload |
||
| 942 |
_2ddc _cBK |
||
| 999 |
_c5380 _d5380 |
||